NBA Players, Name To Face (Impossible) - Statistics

General Stats
  • This quiz has been taken 49 times
  • The average score is 3 of 12
Answer Stats
Picture Answer % Correct
Deni Avdija
70%
John Konchar
45%
JD Davison
43%
Jay Huff
40%
Bruno Fernando
28%
Dominick Barlow
25%
Greg Brown III
20%
Usman Garuba
15%
Saban Lee
10%
Sidy Cissoko
10%
DaQuan Jeffries
5%
Malcolm Hill
5%
No matching quizzes found
Score Distribution
Percent of People with Each Score
Percentile by Number Answered
Your Score History
You have not taken this quiz